Welcome to WEB OPAC of MRSPTU Central Library

A video course on textile printing (Record no. 3270)

MARC details
000 -LEADER
fixed length control field 00352nam a2200133Ia 4500
008 - FIXED-LENGTH DATA ELEMENTS--GENERAL INFORMATION
fixed length control field 230711s9999||||xx |||||||||||||| ||und||
041 ## - LANGUAGE CODE
Language code of text/sound track or separate title ENG
082 ## - DEWEY DECIMAL CLASSIFICATION NUMBER
Classification number 677
Item number CH-V
100 ## - MAIN ENTRY--PERSONAL NAME
Personal name Chavan,RB
245 #2 - TITLE STATEMENT
Title A video course on textile printing
Remainder of title L : 1-Textile printing
260 ## - PUBLICATION, DISTRIBUTION, ETC.
Date of publication, distribution, etc. 1995
Place of publication, distribution, etc. New Delhi
Name of publisher, distributor, etc. IIT ,Delhi
650 ## - SUBJECT ADDED ENTRY--TOPICAL TERM
Topical term or geographic name entry element Textile Engineering
942 ## - ADDED ENTRY ELEMENTS (KOHA)
Koha item type Book
Holdings
Withdrawn status Lost status Damaged status Not for loan Collection Home library Current library Date acquired Total checkouts Full call number Barcode Date last seen Price effective from Koha item type
          MRSPTU Central Library MRSPTU Central Library     677 CH-V 12022 08/17/2023 08/17/2023 Book
          MRSPTU Central Library MRSPTU Central Library     677 CH-V 12023 08/17/2023 08/17/2023 Book
          MRSPTU Central Library MRSPTU Central Library     677 CH-V 12024 08/17/2023 08/17/2023 Book
          MRSPTU Central Library MRSPTU Central Library     677 CH-V 12025 08/17/2023 08/17/2023 Book
          MRSPTU Central Library MRSPTU Central Library     677 CH-V 12026 08/17/2023 08/17/2023 Book
          MRSPTU Central Library MRSPTU Central Library     677 CH-V 12027 08/17/2023 08/17/2023 Book
          MRSPTU Central Library MRSPTU Central Library     677 CH-V 12028 08/17/2023 08/17/2023 Book
          MRSPTU Central Library MRSPTU Central Library     677 CH-V 12029 08/17/2023 08/17/2023 Book
          MRSPTU Central Library MRSPTU Central Library     677 CH-V 12030 08/17/2023 08/17/2023 Book
          MRSPTU Central Library MRSPTU Central Library     677 CH-V 12031 08/17/2023 08/17/2023 Book
          MRSPTU Central Library MRSPTU Central Library     677 CH-V 12032 08/17/2023 08/17/2023 Book
          MRSPTU Central Library MRSPTU Central Library     677 CH-V 12033 08/17/2023 08/17/2023 Book
          MRSPTU Central Library MRSPTU Central Library     677 CH-V 12034 08/17/2023 08/17/2023 Book

Website Designed and Developed by MRSPTU Central Library Team

E-mail Id: librarian@mrsptu.ac.in